MARC

LEADER 00000nam0a2200000 4500
001 277960
005 20231101235051.0
020 |a RU  |b 86-34845 
035 |a (RuTPU)RU\TPU\book\301237 
090 |a 277960 
100 |a 20141208d1986 km y0rusy5003 ca 
101 0 |a rus 
102 |a RU 
105 |a a f 000zy 
200 1 |a Физика космоса  |e маленькая энциклопедия  |f под ред. Р. А. Сюняева 
205 |a 2-е изд., перераб. и доп. 
210 |a Москва  |c Советская энциклопедия  |d 1986 
215 |a 783 с.  |c ил. 
606 1 |a Космическая физика  |2 stltpush  |3 (RuTPU)RU\TPU\subj\66357  |9 82531 
610 1 |a энциклопедии 
610 1 |a космос 
610 1 |a физические процессы 
610 1 |a Солнечная система 
610 1 |a звездные системы 
610 1 |a Вселенная 
610 1 |a космические аппараты 
675 |a 52:53(031)  |z rus  |v 4 
702 1 |a Сюняев  |b Р. А.  |g Рашид Алиевич  |4 340 
801 0 |a RU  |b RuMRKP  |c 19950704  |g psbo 
801 1 |a RU  |b 63413507  |c 20141208 
801 2 |a RU  |b 63413507  |c 20170410  |g RCR 
942 |c BK